Loreto College Library, Kolkata
WEBOPAC (ONLINE PUBLIC ACCESS CATALOGUE)

Vasari's Lives of the artists (Record no. 13955)

MARC details
000 -LEADER
fixed length control field 00734nam a2200217Ia 4500
005 - DATE AND TIME OF LATEST TRANSACTION
control field 20230811113854.0
008 - FIXED-LENGTH DATA ELEMENTS--GENERAL INFORMATION
fixed length control field 131103s9999 xx 000 0 und d
040 ## - CATALOGING SOURCE
Original cataloging agency Loreto College
041 ## - LANGUAGE CODE
Language code English
082 ## - DDC | ডিউই
Classification number | বর্গসংখ্যা 920
Book Number | গ্রন্থাঙ্ক VAS
100 ## - MAIN ENTRY--PERSONAL NAME | মুখ্য সংলেখ - ব্যাক্তিনাম
Personal name | ব্যাক্তিনাম Vasari,Giorgio
245 ## - TITLE STATEMENT | অাখ্যা বিবরণী
Title | অাখ্যা Vasari's Lives of the artists
Sub title | উপঅাখ্যা Biographies of the most eminent architects, painters and sculptors of Italy
Statement of responsibility | লেখকের দায়িত্বের বিবরণ abridged and edited by Betty Burroughs
260 ## - IMPRINT | প্রকাশনা ক্ষেত্র
Place of publication | প্রকাশ স্থান London
Name of publisher | প্রকাশকের নাম George Allen & Unwin
Date of publication | প্রকাশ কাল 1960
300 ## - PHYSICAL DESCRIPTION |
Page / Vol. No | পৃষ্ঠা / খন্ড সংখ্যা xiii,309 p.
Other physical details | অনান্য বাহ্যিক বিবরণ illus.
504 ## - BIBLIOGRAPHY, ETC. NOTE
Bibliography, etc Another copy is published by Simon and Schuster
650 ## - SUBJECT ADDED ENTRY--TOPICAL TERM | বিষয় শিরোনাম - মূল বিষয়
Topical term | মূল বিষয় Biography
651 ## - SUBJECT ADDED ENTRY--GEOGRAPHIC NAME | বিষয় শিরোনাম - ভৌগলিক নাম
Geographic name | ভৌগলিক বিষয় Architects, painters,sculptors - Biography
Chronological subdivision | কালগত বিভাগ Italy
700 ## - ADDED ENTRY--PERSONAL NAME | অতিরিক্ত সংলেখ - ব্
Personal name | ব্যাক্তিনাম Burroughs,Betty
Relator code | দায়িত্ব নির্দেশক ed.
850 ## - HOLDING INSTITUTION
Holding institution LCLIB
942 ## - ADDED ENTRY ELEMENTS (KOHA)
Koha item type Books
Holdings
Withdrawn status Lost status Source of classification Damaged status Not for loan Home library Current library Date acquired Total Checkouts Full call number Accession No. Date last seen Price effective from Koha item type Coded location qualifier
    Dewey Decimal Classification     Loreto College Loreto College 04/11/2013   920 VAS B13982 04/11/2013 04/11/2013 Books